| 000 | 00583nam a2200181Ia 4500 | ||
|---|---|---|---|
| 008 | 151202s9999||||xx |||||||||||||| ||und|| | ||
| 082 | _bPNVM-84519 | ||
| 100 | _aभावे ह.अ. | ||
| 245 | _aतुमचे सामर्थ्य ओळखा. | ||
| 260 | _bसरीता प्रकाशन. | ||
| 260 | _c1995 | ||
| 300 | _a116 | ||
| 600 | _aभावे ह.अ. | ||
| 630 | _aतुमचे सामर्थ्य ओळखा. | ||
| 700 | _aभावे ह.अ. | ||
| 730 | _aतुमचे सामर्थ्य ओळखा. | ||
| 942 | _cBOOK | ||
| 999 |
_c1349371 _d1349368 |
||